[Event "European Blitz 2016"]
[Site "Tallinn EST"]
[Date "2016.12.17"]
[Round "8.24"]
[White "Kobalia, Mikhail"]
[Black "Ahvenjarvi, Jani"]
[Result "1-0"]
[WhiteTitle "GM"]
[BlackTitle "FM"]
[WhiteElo "2628"]
[BlackElo "2317"]
[WhiteFideId "4119150"]
[BlackFideId "507571"]
[EventDate "2016.12.17"]

1. e4 e5 2. Nf3 Nc6 3. Bb5 a6 4. Ba4 Nf6 5. O-O Be7 6. d3 d6 7. c3 O-O 8. Re1 b5
9. Bc2 Re8 10. Nbd2 Bf8 11. Nf1 Nb8 12. a4 Bb7 13. Ng3 g6 14. b4 Nbd7 15. Bb3 h6
16. Qc2 c5 17. Qa2 Qe7 18. Nh4 d5 19. exd5 Qd6 20. Ne4 Nxe4 21. dxe4 cxb4 22.
cxb4 Qf6 23. Nf3 Bxb4 24. Rd1 Nc5 25. Bc2 Nxa4 26. Bxa4 bxa4 27. Bxh6 a5 28.
Qxa4 Rec8 29. Rdc1 Qd6 30. Be3 Ba6 31. Rc6 Rxc6 32. dxc6 Rc8 33. Rc1 Qb8 34. Qa2
Bb5 35. Qd5 Bd6 1-0

[Event "European Blitz 2016"]
[Site "Tallinn EST"]
[Date "2016.12.17"]
[Round "8.25"]
[White "Dzhumagaliev, Yan"]
[Black "Seeman, Tarvo"]
[Result "1-0"]
[WhiteTitle "FM"]
[BlackTitle "IM"]
[WhiteElo "2400"]
[BlackElo "2420"]
[WhiteFideId "24100110"]
[BlackFideId "4500547"]
[EventDate "2016.12.17"]

1. d4 Nf6 2. c4 g6 3. Nc3 Bg7 4. e4 d6 5. Nf3 O-O 6. Be2 e5 7. O-O Nh5 8. Bg5 f6
9. Be3 Nf4 10. Bxf4 exf4 11. Rc1 Nc6 12. a3 f5 13. b4 fxe4 14. Nxe4 Bf5 15. Nc3
Bg4 16. b5 Bxf3 17. Bxf3 Nxd4 18. Bxb7 f3 19. Re1 Qg5 20. g3 Rae8 21. Qd3 Qg4
22. Re4 Rxe4 23. Bxe4 Kh8 24. Re1 Be5 25. Re3 Kg7 26. Bd5 h5 27. Re4 Qg5 28.
Rxd4 Qc1+ 29. Nd1 1-0

[Event "European Blitz 2016"]
[Site "Tallinn EST"]
[Date "2016.12.17"]
[Round "8.26"]
[White "Fridman, Daniel"]
[Black "Llobel Cortell, Enrique"]
[Result "1-0"]
[WhiteTitle "GM"]
[BlackTitle "IM"]
[WhiteElo "2596"]
[BlackElo "2399"]
[WhiteFideId "11600454"]
[BlackFideId "2216116"]
[EventDate "2016.12.17"]

1. Nf3 d5 2. c4 e6 3. g3 Nf6 4. Bg2 dxc4 5. Qa4+ Nbd7 6. Qxc4 Be7 7. O-O O-O 8.
d4 a6 9. Qc2 c5 10. Nc3 cxd4 11. Nxd4 Qa5 12. h3 Ne5 13. Ne4 Rd8 14. Nb3 Qa4 15.
Bg5 Qc4 16. Rac1 Qxc2 17. Rxc2 Bd7 18. Nec5 Rac8 19. Bxb7 Rc7 20. Bxa6 Ra8 21.
Rfc1 Nc6 22. Nxd7 Rxa6 23. Ne5 1-0

[Event "European Blitz 2016"]
[Site "Tallinn EST"]
[Date "2016.12.17"]
[Round "8.27"]
[White "Neiksans, Arturs"]
[Black "Tomazini, Zan"]
[Result "1-0"]
[WhiteTitle "GM"]
[BlackTitle "IM"]
[WhiteElo "2631"]
[BlackElo "2414"]
[WhiteFideId "11601388"]
[BlackFideId "14608162"]
[EventDate "2016.12.17"]

1. e4 g6 2. d4 Bg7 3. Nf3 d6 4. Bc4 Nf6 5. e5 dxe5 6. Nxe5 O-O 7. O-O c5 8. Be3
cxd4 9. Bxd4 Nc6 10. Nxc6 bxc6 11. Nc3 Bf5 12. Bb3 Qc7 13. Bc5 Ng4 14. g3 Qe5
15. Ba3 Rfe8 16. Qf3 Nf6 17. Rfe1 Qc7 18. Bc5 e5 19. Qe2 e4 20. Bc4 Bg4 21. Qf1
Bf3 22. Be2 Qa5 23. Bxf3 exf3 24. Qc4 Nd7 25. Bd4 Bxd4 26. Qxd4 Qf5 27. Qd3 Qh3
28. Qxf3 Ne5 29. Qg2 Qf5 30. f4 Ng4 31. h3 Qc5+ 32. Kh1 Ne3 33. Qf2 Rad8 34. Kg1
Qb6 35. b3 Nxc2 36. Rxe8+ Rxe8 37. Qxb6 axb6 38. Rc1 Nd4 39. Kf2 b5 40. Rd1 c5
41. Rd2 b4 42. Nd5 Rd8 43. Nf6+ Kg7 44. Ne4 Rc8 45. Nxc5 Rxc5 46. Rxd4 Rc2+ 47.
Kf3 Rc3+ 48. Ke4 Rxg3 49. Rxb4 Rxh3 50. a4 Rh1 51. a5 Re1+ 52. Kf3 h5 53. a6 Re7
54. Ra4 Ra7 55. b4 h4 56. b5 1-0

[Event "European Blitz 2016"]
[Site "Tallinn EST"]
[Date "2016.12.17"]
[Round "8.28"]
[White "Putka, Verners"]
[Black "Motylev, Alexander"]
[Result "0-1"]
[BlackTitle "GM"]
[WhiteElo "2307"]
[BlackElo "2663"]
[WhiteFideId "11600659"]
[BlackFideId "4121830"]
[EventDate "2016.12.17"]

1. e4 e5 2. Nf3 Nf6 3. Nxe5 d6 4. Nf3 Nxe4 5. Nc3 Nxc3 6. dxc3 Nc6 7. Be3 Be7 8.
Qd2 Ne5 9. O-O-O Nxf3 10. gxf3 Be6 11. Rg1 g6 12. Bd4 Bf6 13. f4 Bxd4 14. Qxd4
O-O 15. Bg2 Rb8 16. Be4 f5 17. Bf3 Qh4 18. b3 a5 19. Kb2 b5 20. Rde1 Bf7 21. Rg3
b4 22. Bc6 Rb6 23. Bd5 bxc3+ 24. Rxc3 c5 25. Bxf7+ Kxf7 26. Qd5+ Kg7 27. Rce3
Qxf4 28. Re7+ Kh6 29. R1e3 Qxh2 30. Qd2 f4 31. Rf3 Qh4 32. Re4 Qf6+ 33. Kb1 g5
34. Rh3+ Kg7 35. Qe2 Rf7 36. Re6 Qf5 37. Reh6 d5 38. Rxh7+ Qxh7 39. Qe5+ Rbf6
40. Rxh7+ Kxh7 41. Qxg5 Rf5 42. Qd8 a4 43. Kb2 axb3 44. axb3 d4 45. Qh4+ Kg6 46.
Qg4+ Kf6 47. Qf3 Re7 48. Kc1 Re6 49. Kd2 Kg5 50. Kd3 Kf6 51. Kc4 Ree5 52. Qc6+
Kg5 53. Qg2+ Kf6 54. Qg4 f3 55. Qh4+ Kg6 56. Qg3+ Kf7 57. Qg4 Kf6 58. Qh4+ Ke6
59. Kd3 Re2 60. Qh6+ Rf6 61. Qh3+ Kd6 62. Qg4 Re5 63. Qg8 Ref5 64. Kc4 Ke5 65.
Qg4 Kd6 66. Qe4 Re5 67. Qb7 Ref5 68. Kb5 Re5 69. Qc6+ Ke7 70. Qc7+ Ke6 71. Qc8+
Kf7 72. Qc7+ Ke6 73. Qb8 Rff5 74. Kc6 Kf6 75. Qh8+ Kg5 76. Qg7+ Kf4 77. Qg3+ Ke4
78. Qg4+ Rf4 79. Qg6+ Rff5 80. Qh7 d3 81. Qh4+ Rf4 82. Qh7+ Rff5 83. Qh6 Kd4 84.
Qd2 0-1

[Event "European Blitz 2016"]
[Site "Tallinn EST"]
[Date "2016.12.17"]
[Round "8.29"]
[White "Zubritskiy, Artyom"]
[Black "Rogule, Laura"]
[Result "1-0"]
[WhiteTitle "IM"]
[BlackTitle "WGM"]
[WhiteElo "2442"]
[BlackElo "2295"]
[WhiteFideId "4181247"]
[BlackFideId "11601876"]
[EventDate "2016.12.17"]

1. d4 d5 2. c4 e6 3. Nf3 Nf6 4. g3 dxc4 5. Bg2 Nc6 6. Qa4 Bb4+ 7. Bd2 Bd6 8.
Qxc4 e5 9. dxe5 Nxe5 10. Nxe5 Bxe5 11. Qb5+ Nd7 12. O-O O-O 13. Bc3 c6 14. Qd3
Qf6 15. Rd1 Nc5 16. Qe3 Bxc3 17. Nxc3 Na6 18. Rd2 Bf5 19. Qf4 Qe6 20. Rd6 Qc8
21. Rad1 Re8 22. e4 Bg4 23. f3 Be6 24. Qe3 Nc7 25. f4 Nb5 26. Nxb5 cxb5 27. Rc1
Qb8 28. e5 Rc8 29. a3 Rc4 30. Rxc4 bxc4 31. Qe4 Qc8 32. Qd4 g6 33. h4 a6 34. Kh2
Rb8 35. Qb6 h5 36. Qa5 Kg7 37. Be4 Qe8 38. Qc3 Qb5 39. Bf3 Rc8 40. f5 gxf5 41.
Bxh5 Rc5 42. Qd2 Rxe5 43. Qg5+ Kh7 44. Bxf7 Re2+ 45. Kh3 Qe5 1-0

[Event "European Blitz 2016"]
[Site "Tallinn EST"]
[Date "2016.12.17"]
[Round "8.30"]
[White "Kosteniuk, Alexandra"]
[Black "Timerkhanov, Alexander"]
[Result "0-1"]
[WhiteTitle "GM"]
[BlackTitle "FM"]
[WhiteElo "2555"]
[BlackElo "2360"]
[WhiteFideId "4128125"]
[BlackFideId "24177938"]
[EventDate "2016.12.17"]

1. e4 c5 2. Nf3 d6 3. Bb5+ Nd7 4. c3 a6 5. Ba4 Nf6 6. Qe2 e5 7. O-O b5 8. Bc2
Bb7 9. d4 Qc7 10. d5 Be7 11. a4 c4 12. axb5 axb5 13. Rxa8+ Bxa8 14. Na3 Qa5 15.
Bd2 O-O 16. g3 Nc5 17. Nh4 Rc8 18. f4 Nfd7 19. Nf5 Bf8 20. Qf3 Re8 21. g4 Qc7
22. Kh1 Bb7 23. Ng3 exf4 24. Bxf4 Ne5 25. Bxe5 Rxe5 26. Nxb5 Qd7 27. Nd4 g6 28.
Qf4 Bg7 29. Nf3 Re7 30. Nd2 Be5 31. Qg5 f6 32. Qh4 Qb5 33. g5 Qxb2 34. gxf6 Rf7
35. Nxc4 Qxc2 36. Nxe5 dxe5 37. Nf5 Qxe4+ 38. Qxe4 Nxe4 39. Nh6+ Kf8 40. Nxf7
Kxf7 41. c4 Nd2 42. Ra1 Nxc4 43. Ra7 Nd6 44. Kg2 Kxf6 45. Ra5 e4 46. Kf2 Ke5 47.
Ke2 Bxd5 48. Ra7 h5 49. Rg7 Bf7 50. Rh7 Kf5 51. Ke3 g5 52. Rh8 Nc4+ 53. Kd4 e3
54. Kd3 Kf4 55. Rf8 Ne5+ 56. Ke2 Ke4 0-1

[Event "European Blitz 2016"]
[Site "Tallinn EST"]
[Date "2016.12.17"]
[Round "8.31"]
[White "Martinovic, Sasa"]
[Black "Girya, Olga"]
[Result "1-0"]
[WhiteTitle "GM"]
[BlackTitle "WGM"]
[WhiteElo "2550"]
[BlackElo "2450"]
[WhiteFideId "14509792"]
[BlackFideId "4195752"]
[EventDate "2016.12.17"]

1. d4 d5 2. Nc3 Nf6 3. Bf4 e6 4. Nb5 Na6 5. e3 Be7 6. Nf3 O-O 7. Ne5 c5 8. c3
Bd7 9. a4 Bc6 10. Be2 Nd7 11. O-O Nxe5 12. Bxe5 c4 13. b3 Qd7 14. bxc4 dxc4 15.
Bxc4 Bxg2 16. Bxe6 fxe6 17. Kxg2 Qc6+ 18. f3 Rf5 19. e4 Rg5+ 20. Kh1 Rd8 21. Qe2
Bf6 22. Bf4 Rh5 23. Rac1 e5 24. Bg3 Bg5 25. d5 Qe8 26. Rcd1 Nc5 27. Qc4 Nd7 28.
Nc7 Qf7 29. Ne6 Re8 30. Qc7 Bf4 31. Nxf4 exf4 32. Qxf4 Qe7 33. c4 Nc5 34. a5 Rf8
35. Qd6 Qf7 36. Qxc5 Qg6 37. Qg1 Qa6 38. c5 Qxa5 39. Qg2 Qxc5 40. Rc1 Qe3 41.
Rc7 Qd4 42. Rxb7 a5 43. Qb2 Qxb2 44. Rxb2 Rh6 45. Kg2 Ra6 46. Ra1 a4 47. Ra3
Rfa8 48. Rb4 Kf7 49. Kf2 g5 50. Ke3 h5 51. Kd4 h4 52. Bf2 Rc8 53. Raxa4 Rxa4 54.
Rxa4 Rc2 55. Bg1 Rg2 56. Ra1 h3 57. e5 Kg6 58. Ra6+ Kf7 59. e6+ Kf6 60. Ra1 Rd2+
61. Ke4 Re2+ 62. Kd4 Rd2+ 63. Kc5 Ke5 64. Re1+ 1-0

[Event "European Blitz 2016"]
[Site "Tallinn EST"]
[Date "2016.12.17"]
[Round "8.32"]
[White "Agrest, Evgenij"]
[Black "Djuric, Stefan"]
[Result "1-0"]
[WhiteTitle "GM"]
[BlackTitle "GM"]
[WhiteElo "2593"]
[BlackElo "2429"]
[WhiteFideId "1705024"]
[BlackFideId "900133"]
[EventDate "2016.12.17"]

1. c4 g6 2. Nf3 Bg7 3. d4 Nf6 4. Nc3 O-O 5. Bg5 c5 6. d5 d6 7. e3 a6 8. a4 e6 9.
Nd2 h6 10. Bh4 exd5 11. cxd5 Qc7 12. Be2 Nbd7 13. O-O b6 14. Nc4 Bb7 15. Bg3 Ne5
16. Na3 Rfe8 17. h3 Rad8 18. Rc1 h5 19. Kh1 Nh7 20. Qd2 Qe7 21. Rce1 h4 22. Bh2
f5 23. e4 fxe4 24. Nxe4 Qf7 25. f4 Nd7 26. Nxd6 Rxe2 27. Rxe2 Qxd5 28. Nxb7 Qxb7
29. Qd6 Nhf6 30. Nc4 Qd5 31. Qe6+ Qxe6 32. Rxe6 b5 33. Ne5 Nf8 34. Rxa6 bxa4 35.
Rxa4 Rd2 36. Bg1 Nh5 37. Bf2 Nxf4 38. Rxf4 1-0

[Event "European Blitz 2016"]
[Site "Tallinn EST"]
[Date "2016.12.17"]
[Round "9.1"]
[White "Mamedov, Rauf"]
[Black "Kovalenko, Igor"]
[Result "1-0"]
[WhiteTitle "GM"]
[BlackTitle "GM"]
[WhiteElo "2688"]
[BlackElo "2684"]
[WhiteFideId "13401653"]
[BlackFideId "14117908"]
[EventDate "2016.12.17"]

1. e4 e6 2. d4 d5 3. Nd2 c5 4. Ngf3 cxd4 5. exd5 Qxd5 6. Bc4 Qd7 7. O-O Nc6 8.
Nb3 Nf6 9. Nbxd4 Nxd4 10. Nxd4 a6 11. Re1 Qc7 12. Bf1 Bd6 13. Nf5 Bxh2+ 14. Kh1
O-O 15. Nxg7 Kxg7 16. Qd2 Ng8 17. g3 Bxg3 18. Qg5+ Kh8 19. fxg3 f6 20. Qh4 Qxc2
21. Be3 Bd7 22. Rac1 Bc6+ 23. Kg1 Qg6 24. Rc4 Rad8 25. Rg4 Qc2 26. Bd4 e5 27.
Bc3 Rd1 28. Rxg8+ Kxg8 29. Qg4+ Kh8 30. Qxd1 Qg6 31. Qd3 Qh5 32. Bg2 Rg8 33.
Bxc6 bxc6 34. Kg2 Qf7 35. Qf3 Qe6 36. Rf1 Rg6 37. Qe4 Kg7 38. Qf5 Qd5+ 39. Qf3
Qe6 40. a3 Rh6 41. Kg1 Rg6 42. Rd1 Qh3 43. Rd3 h5 44. Qg2 Qg4 45. Qxc6 Qe2 46.
Qd7+ Kh6 47. Bd2+ Rg5 48. Bxg5+ Kxg5 49. Qg7+ Kf5 50. Qd7+ Kg5 51. Rd2 Qe3+ 52.
Kh2 Qe4 53. Qg7+ 1-0

[Event "European Blitz 2016"]
[Site "Tallinn EST"]
[Date "2016.12.17"]
[Round "9.2"]
[White "Bortnyk, Olexandr"]
[Black "Chigaev, Maksim"]
[Result "1/2-1/2"]
[WhiteTitle "GM"]
[BlackTitle "GM"]
[WhiteElo "2581"]
[BlackElo "2531"]
[WhiteFideId "14120828"]
[BlackFideId "4108116"]
[EventDate "2016.12.17"]

1. Nf3 Nf6 2. e3 g6 3. d4 Bg7 4. c4 O-O 5. Nc3 c5 6. d5 d6 7. Be2 e6 8. O-O exd5
9. Nxd5 Nc6 10. Nf4 Bf5 11. a3 a6 12. Qb3 Rb8 13. Bd2 Ne4 14. Rfd1 b5 15. cxb5
axb5 16. Bxb5 Na7 17. a4 Nxb5 18. axb5 Qb6 19. Nd5 Qxb5 20. Ne7+ Kh8 21. Qxb5
Rxb5 22. Nxf5 gxf5 23. Bc3 Nxc3 24. bxc3 Bxc3 25. Rac1 Be5 26. Nxe5 dxe5 27. Rd5
Re8 28. g3 Kg7 29. h4 Re7 30. Rcxc5 Rxc5 31. Rxc5 Kf6 32. Kg2 h5 33. Rc8 Kg7 34.
Kf3 Ra7 35. Rc5 f6 36. Rc8 Ra2 37. Rc7+ Kg6 38. Rd7 Rb2 1/2-1/2

[Event "European Blitz 2016"]
[Site "Tallinn EST"]
[Date "2016.12.17"]
[Round "9.3"]
[White "Andreikin, Dmitry"]
[Black "Rakhmanov, Aleksandr"]
[Result "1/2-1/2"]
[WhiteTitle "GM"]
[BlackTitle "GM"]
[WhiteElo "2737"]
[BlackElo "2667"]
[WhiteFideId "4158814"]
[BlackFideId "4173708"]
[EventDate "2016.12.17"]

1. d4 Nf6 2. c4 d6 3. Nc3 e5 4. Nf3 e4 5. Ng5 Qe7 6. g3 h6 7. Nh3 c6 8. Nf4 g6
9. Bg2 Bg7 10. e3 Bg4 11. Qc2 Bf5 12. h3 g5 13. Nfe2 Bg6 14. b3 Na6 15. Ba3 O-O
16. O-O Rfe8 17. b4 Nc7 18. b5 c5 19. Rfd1 b6 20. Rd2 Ne6 21. Rad1 Nc7 22. Bb2
h5 23. dxc5 dxc5 24. Rd6 Rad8 25. Qd2 Ne6 26. Rxd8 Rxd8 27. Nd5 Nxd5 28. cxd5
Bxb2 29. Qxb2 Nc7 30. Nc3 Ne8 31. d6 Rxd6 32. Rxd6 Nxd6 33. Nd5 Qe6 34. Nc7 Qe7
35. Nd5 Qe6 36. Nc7 Qe7 37. Nd5 Qe6 1/2-1/2

[Event "European Blitz 2016"]
[Site "Tallinn EST"]
[Date "2016.12.17"]
[Round "9.4"]
[White "Vitiugov, Nikita"]
[Black "Castellanos Rodriguez, Renier"]
[Result "1/2-1/2"]
[WhiteTitle "GM"]
[BlackTitle "IM"]
[WhiteElo "2726"]
[BlackElo "2491"]
[WhiteFideId "4152956"]
[BlackFideId "3404650"]
[EventDate "2016.12.17"]

1. d4 Nf6 2. Bg5 e6 3. Nd2 h6 4. Bh4 Nc6 5. c3 g5 6. Bg3 Nh5 7. e4 Nxg3 8. hxg3
Bg7 9. Bd3 d6 10. Ne2 h5 11. Qb3 Bd7 12. O-O-O Rb8 13. f4 g4 14. e5 Ne7 15. Ne4
Bc6 16. Qc2 Nd5 17. Qd2 b5 18. Rh2 Qe7 19. Rdh1 Kd7 20. Rxh5 Rxh5 21. Rxh5 Rh8
22. Rxh8 Bxh8 23. c4 bxc4 24. Bxc4 Nb6 25. Bd3 f5 26. exf6 Bxf6 27. Qa5 Qg7 28.
Qb4 a5 29. Qxa5 Bxd4 30. Qd2 Bxe4 31. Bxe4 Bc5 32. Nc3 Nc4 33. Qd3 Ne3 34. Qb5+
Ke7 35. Qb8 Bb6 36. a4 Qd4 37. Qg8 Nc4 38. Qh7+ Kd8 39. Qg8+ Ke7 40. Qh7+ Kd8
41. Qg8+ Ke7 42. Qh7+ 1/2-1/2

[Event "European Blitz 2016"]
[Site "Tallinn EST"]
[Date "2016.12.17"]
[Round "9.5"]
[White "Saric, Ivan"]
[Black "Andriasian, Zaven"]
[Result "1/2-1/2"]
[WhiteTitle "GM"]
[BlackTitle "GM"]
[WhiteElo "2652"]
[BlackElo "2621"]
[WhiteFideId "14508150"]
[BlackFideId "13302000"]
[EventDate "2016.12.17"]

1. e4 d6 2. d4 g6 3. Nc3 Bg7 4. Be3 Nf6 5. Qd2 c6 6. h3 b5 7. Bd3 Nbd7 8. Nf3 e5
9. O-O O-O 10. dxe5 dxe5 11. a4 b4 12. Ne2 a5 13. Ng3 Qe7 14. Bh6 Nc5 15. Bxg7
Kxg7 16. Rfd1 h6 17. Qe3 Rd8 18. b3 Ra7 19. Be2 Rad7 20. Rxd7 Rxd7 21. Rd1 Rxd1+
22. Bxd1 Qd6 23. Be2 Be6 24. Nd2 Nfd7 25. Bc4 Bxc4 26. Nxc4 Qd1+ 27. Kh2 Qxc2
28. Nxa5 Nd3 29. Qe2 Qxe2 30. Nxe2 N7c5 31. f3 f5 32. exf5 gxf5 33. Kg1 Kf6 34.
Kf1 Ke6 35. f4 exf4 36. Nd4+ Kd5 37. Ndxc6 Kd6 38. Nd4 Ke5 39. Ndc6+ Kd6 40. Nd4
Ke5 41. Ndc6+ Kd6 1/2-1/2

[Event "European Blitz 2016"]
[Site "Tallinn EST"]
[Date "2016.12.17"]
[Round "9.6"]
[White "Navara, David"]
[Black "Fridman, Daniel"]
[Result "1/2-1/2"]
[WhiteTitle "GM"]
[BlackTitle "GM"]
[WhiteElo "2725"]
[BlackElo "2596"]
[WhiteFideId "309095"]
[BlackFideId "11600454"]
[EventDate "2016.12.17"]

1. e4 e6 2. d4 d5 3. Nd2 c5 4. Ngf3 Nc6 5. exd5 exd5 6. Bb5 Qe7+ 7. Qe2 Qxe2+ 8.
Kxe2 a6 9. Bxc6+ bxc6 10. dxc5 Bxc5 11. Nb3 Bd6 12. Be3 Ne7 13. Bc5 Kd7 14. Ng5
Bf4 15. Nxf7 Rf8 16. g3 Rxf7 17. gxf4 Ng6 18. f5 Rxf5 19. Nd4 Rf7 20. a4 a5 21.
Ra3 Ba6+ 22. Ke1 Re8+ 23. Re3 Rxe3+ 24. fxe3 Ne5 25. b3 Ng4 26. Ne2 Rf2 27. c4
Rxh2 28. Rxh2 Nxh2 29. cxd5 Nf3+ 30. Kf2 Nd2 31. dxc6+ Kxc6 32. Bf8 Bxe2 33.
Kxe2 Nxb3 34. Bxg7 Nc5 35. Bc3 Kb6 36. Bd4 Kc6 37. Bc3 Kb6 1/2-1/2

[Event "European Blitz 2016"]
[Site "Tallinn EST"]
[Date "2016.12.17"]
[Round "9.7"]
[White "Ponomariov, Ruslan"]
[Black "Neiksans, Arturs"]
[Result "1-0"]
[WhiteTitle "GM"]
[BlackTitle "GM"]
[WhiteElo "2709"]
[BlackElo "2631"]
[WhiteFideId "14103320"]
[BlackFideId "11601388"]
[EventDate "2016.12.17"]

1. e4 c5 2. Nf3 e6 3. d4 cxd4 4. Nxd4 Nc6 5. Nc3 Qc7 6. Be2 a6 7. O-O Nf6 8. Be3
Bb4 9. Na4 Be7 10. Nxc6 bxc6 11. Nb6 Rb8 12. Nxc8 Qxc8 13. Bd4 c5 14. Be5 Rb6
15. Qd3 d6 16. Bc3 O-O 17. Rad1 Qc6 18. e5 Nd5 19. Bf3 c4 20. Qd2 dxe5 21. Bxe5
Rd8 22. b3 Rb5 23. bxc4 Qxc4 24. Be2 Qe4 25. Bxb5 axb5 26. Rfe1 Qc4 27. Qd3 Qc6
28. Qe4 b4 29. g3 Bf8 30. Rd2 Ra8 31. Red1 Rxa2 32. h4 h6 33. h5 Ra5 34. Bb2 Rc5
35. Bd4 Ra5 36. Ra1 Rb5 37. Bb2 Rc5 38. Ra7 Rc4 39. Qf3 f6 40. Qe2 Qc8 41. Ra1
Rc6 42. Qe4 Rc4 43. Qg6 Ne7 44. Qd3 Nd5 45. Re2 Rc6 46. Qg6 Ne7 47. Qe4 Nd5 48.
Ra7 Rd6 49. Kg2 Qe8 50. Qf3 Qc6 51. Kh2 Qe8 52. Qg4 Qc6 53. Ra1 Qe8 54. Rae1 e5
55. Qf3 Qf7 56. Rd1 Nc7 57. Rxd6 Bxd6 58. Rd2 Ne8 59. Kg2 f5 60. Qd5 e4 61.
Qxf7+ Kxf7 62. Rd5 Ke6 63. Rb5 Nf6 64. Bxf6 Kxf6 65. Kf1 Kg5 66. Rb7 Be5 67.
Rxb4 Bf6 68. Rb5 Kg4 69. Kg2 Bc3 70. Rc5 Bd4 71. Rd5 Bc3 72. Rc5 Bd4 73. Rc4 Bf6
74. Rc8 Kxh5 75. c4 Kg6 76. c5 Kf7 77. Rc6 Ke7 78. Rd6 Be5 79. Rd1 Ke6 80. Kf1
g5 81. Ke2 f4 82. g4 Bc7 83. Rd4 Ke5 84. Rd7 Ba5 85. c6 Ke6 86. Rh7 f3+ 87. Kf1
Kd5 88. c7 1-0

[Event "European Blitz 2016"]
[Site "Tallinn EST"]
[Date "2016.12.17"]
[Round "9.9"]
[White "Halkias, Stelios"]
[Black "Matlakov, Maxim"]
[Result "1/2-1/2"]
[WhiteTitle "GM"]
[BlackTitle "GM"]
[WhiteElo "2585"]
[BlackElo "2694"]
[WhiteFideId "4201809"]
[BlackFideId "4168003"]
[EventDate "2016.12.17"]

1. Nf3 Nf6 2. d4 e6 3. e3 b6 4. Bd3 Bb7 5. O-O d5 6. b3 Nbd7 7. Bb2 Bd6 8. c4
O-O 9. Nc3 a6 10. Rc1 Qe7 11. Qc2 c5 12. cxd5 exd5 13. Bf5 g6 14. Bxd7 Nxd7 15.
Rcd1 c4 16. Rfe1 Rfe8 17. bxc4 dxc4 18. e4 b5 19. a3 Bxa3 20. d5 Bxb2 21. Qxb2
b4 22. d6 bxc3 23. Qxb7 Qd8 24. Nd4 Nc5 25. Qd5 Nd3 26. d7 Re5 27. Qxc4 Nxe1 28.
Nc6 Nf3+ 29. gxf3 Qg5+ 30. Kf1 Rc5 31. d8=Q+ Rxd8 32. Rxd8+ Kg7 33. Qd4+ Kh6 34.
Nb4 c2 35. Nxc2 Rxc2 36. Rd5 Qf4 37. Qe3 Qxe3 38. fxe3 Rxh2 39. Ra5 Rb2 40. Rxa6
Kg5 41. Ra7 1/2-1/2

[Event "European Blitz 2016"]
[Site "Tallinn EST"]
[Date "2016.12.17"]
[Round "9.10"]
[White "Sychev, Klementy"]
[Black "Wojtaszek, Radoslaw"]
[Result "1-0"]
[WhiteTitle "IM"]
[BlackTitle "GM"]
[WhiteElo "2453"]
[BlackElo "2749"]
[WhiteFideId "4114060"]
[BlackFideId "1118358"]
[EventDate "2016.12.17"]

1. d4 Nf6 2. c4 e6 3. Nf3 d5 4. g3 Bb4+ 5. Bd2 Be7 6. Bg2 Nbd7 7. Qc2 c6 8. O-O
O-O 9. Rd1 a5 10. b3 b6 11. Bc3 Bb7 12. Nbd2 c5 13. Ne5 cxd4 14. Bxd4 Nxe5 15.
Bxe5 Bc5 16. Qb2 Ng4 17. Bd4 Qc7 18. cxd5 Bxd5 19. Bxd5 exd5 20. Nf3 Bxd4 21.
Qxd4 Nf6 22. Rac1 Qb7 23. Nh4 Rae8 24. e3 Re4 25. Qc3 Qd7 26. Ng2 Qh3 27. Nf4
Rxf4 28. exf4 Ng4 29. Qf3 Qxh2+ 30. Kf1 Qh5 31. Qxd5 Qh3+ 32. Qg2 Qh5 33. Kg1 h6
34. Rd5 Qg6 35. Rcd1 Qc2 36. Rd8 Rxd8 37. Rxd8+ Kh7 38. Qf3 f5 39. a4 Nf6 40.
Qd3 Qc1+ 41. Kg2 Qc6+ 42. Qf3 Ne4 43. Rd4 Qc2 44. Rd5 Kg6 45. g4 Nd2 46. gxf5+
Kf6 47. Qe3 Qe4+ 48. Qxe4 Nxe4 49. Rb5 1-0

[Event "European Blitz 2016"]
[Site "Tallinn EST"]
[Date "2016.12.17"]
[Round "9.11"]
[White "Meskovs, Nikita"]
[Black "Alekseev, Evgeny"]
[Result "0-1"]
[WhiteTitle "IM"]
[BlackTitle "GM"]
[WhiteElo "2489"]
[BlackElo "2632"]
[WhiteFideId "11602740"]
[BlackFideId "4138147"]
[EventDate "2016.12.17"]

1. d4 d5 2. Nf3 Nf6 3. e3 c5 4. b3 Nc6 5. Bb2 Bg4 6. h3 Bxf3 7. Qxf3 e6 8. Nd2
cxd4 9. exd4 Bd6 10. Bd3 O-O 11. O-O Qa5 12. Qe3 Ba3 13. Bc3 Bb4 14. Bxb4 Nxb4
15. a3 Nxd3 16. Qxd3 Rfd8 17. Nf3 b5 18. c4 bxc4 19. bxc4 Qa6 20. Rfc1 Rac8 21.
Ne5 dxc4 22. Rxc4 Rxc4 23. Nxc4 Rc8 24. Rc1 Nd5 25. Kh2 Qc6 26. Rc2 Qc7+ 27. g3
Qd8 28. Ne5 Rxc2 29. Qxc2 Qc7 30. Qa4 Nf6 31. Nc6 g6 32. Nxa7 Qb7 33. Nc6 Qb2
34. Kg2 Ne4 35. Kf3 f5 36. Kf4 Qxf2+ 37. Ke5 Qxg3+ 38. Kxe6 Qd6# 0-1

[Event "European Blitz 2016"]
[Site "Tallinn EST"]
[Date "2016.12.17"]
[Round "9.12"]
[White "Movsesian, Sergei"]
[Black "Zubritskiy, Artyom"]
[Result "1-0"]
[WhiteTitle "GM"]
[BlackTitle "IM"]
[WhiteElo "2673"]
[BlackElo "2442"]
[WhiteFideId "310204"]
[BlackFideId "4181247"]
[EventDate "2016.12.17"]

1. e4 c5 2. Nf3 d6 3. d4 cxd4 4. Nxd4 Nf6 5. Nc3 a6 6. g3 e5 7. Nb3 Be6 8. Bg2
Nbd7 9. O-O Be7 10. a4 O-O 11. Re1 Rc8 12. Nd2 Ne8 13. Nf1 Bg5 14. Ne3 Nb6 15.
h4 Bxe3 16. Bxe3 Nc4 17. Bc1 Qa5 18. Ne2 Nb6 19. Bd2 Qc5 20. Be3 Qc7 21. b3 f5
22. exf5 Bxf5 23. c4 Nf6 24. f3 Rcd8 25. a5 Nc8 26. Nc3 Kh8 27. Bg5 Ne7 28. Kh2
d5 29. Bxf6 gxf6 30. Nxd5 Nxd5 31. cxd5 Qc3 32. Ra4 Bc2 33. Qc1 Qxb3 34. Ra3 Qb4
35. Ree3 Bg6 36. Reb3 Qd4 37. Rxb7 Rxd5 38. h5 Bxh5 39. Qh6 Rf7 40. Rxf7 Bxf7
41. Qf8+ 1-0

[Event "European Blitz 2016"]
[Site "Tallinn EST"]
[Date "2016.12.17"]
[Round "9.13"]
[White "Martinovic, Sasa"]
[Black "Ponkratov, Pavel"]
[Result "0-1"]
[WhiteTitle "GM"]
[BlackTitle "GM"]
[WhiteElo "2550"]
[BlackElo "2607"]
[WhiteFideId "14509792"]
[BlackFideId "4157800"]
[EventDate "2016.12.17"]

1. d4 Nf6 2. Bg5 c5 3. Bxf6 gxf6 4. d5 Qb6 5. Qc1 f5 6. c4 Bh6 7. Qc2 Na6 8. a3
Qf6 9. Nc3 Nc7 10. g3 f4 11. Bh3 b5 12. cxb5 Bb7 13. Ne4 Qe5 14. Nf3 Qxd5 15.
Nxc5 d6 16. Bd7+ Kd8 17. Nxb7+ Kxd7 18. Na5 Qxb5 19. Nc4 Ne6 20. O-O fxg3 21.
hxg3 Rac8 22. b3 Bg7 23. Rad1 h5 24. Qe4 h4 25. Nxh4 Rh5 26. Qg4 Bf6 27. Nf3
Rch8 28. b4 Qb7 29. e4 Qb5 30. Ncd2 Ke8 31. Kg2 Qd3 32. Rh1 Rxh1 33. Rxh1 Rxh1
34. Kxh1 Qxa3 35. b5 Qb4 36. Qh5 Nc5 37. e5 dxe5 38. Kg2 Qxb5 39. Nxe5 Qb7+ 40.
Ndf3 Qd5 41. Qf5 Nd7 42. Qxd7+ Qxd7 43. Nxd7 Kxd7 44. Nd2 a5 45. Kf3 Kc6 46. Ke4
Kc5 47. g4 a4 48. Nb1 Kc4 49. f4 Kb3 50. g5 Bg7 51. f5 Bb2 52. Kd5 Kc2 53. g6
fxg6 0-1